Statistiques concernant Prénoms de stars - Série 01

Cliquez ici pour prendre le quiz!

Statistiques générales

  • Ce quiz a été pris 324 fois
  • Le résultat moyen est 6 sur 10

Statistiques - réponses

NomPrénom% Correct
SpearsBritney
98%
AguileraChristina
91%
MinogueKylie
81%
HoustonWhitney
78%
TurnerTina
78%
CareyMariah
75%
TwainShania
38%
WildeKim
35%
EstefanGloria
35%
BraxtonToni
30%

Distribution des résultats

Percentile par nombre de réponses

% des personnes avec chaque résultat

Votre développement - résultats

Vous n’avez pas pris ce quiz